NCAA Basketball Team Names - Statistics

General Stats
  • This quiz has been taken 38,204 times
  • The average score is 102 of 207
Answer Stats
# Team % Correct
13 Tigers
97%
2 Blue Devils
92%
1 Cardinal
91%
7 Bears
90%
14 Bulldogs
90%
10 Eagles
90%
1 Fighting Irish
89%
10 Wildcats
89%
1 Hurricanes
87%
1 Tar Heels
87%
1 Ducks
86%
1 Orange
86%
1 Seminoles
86%
1 Gators
84%
5 Spartans
84%
1 Buckeyes
83%
4 Cardinals
83%
1 Crimson
83%
8 Panthers
83%
2 Wolverines
83%
5 Huskies
82%
1 Longhorns
82%
1 Badgers
81%
1 Cavaliers
81%
2 Bruins
80%
1 Cornhuskers
80%
3 Cowboys
80%
1 Crimson Tide
80%
1 Jayhawks
80%
1 Sooners
80%
3 Trojans
80%
1 Wolf Pack
80%
1 Wolfpack
80%
1 Boilermakers
79%
1 Hoosiers
79%
1 Volunteers
79%
6 Cougars
78%
1 Hawkeyes
78%
1 Razorbacks
78%
1 Yellow Jackets
78%
5 Aggies
77%
1 Beavers
76%
1 Fighting Illini
76%
2 Gamecocks
76%
3 Mountaineers
76%
1 Nittany Lions
76%
3 Pirates
76%
1 Buffaloes
75%
1 Hokies
75%
1 Horned Frogs
75%
3 Lions
75%
1 Terrapins
75%
1 Sun Devils
74%
1 Golden Gophers
73%
2 Bearcats
72%
1 Bearkats
72%
2 Bulls
72%
1 Cyclones
72%
1 Demon Deacons
72%
4 Owls
72%
2 Rebels
72%
1 Utes
72%
4 Rams
71%
1 Golden Bears
70%
3 Knights
70%
1 Red Raiders
70%
3 Broncos
69%
2 Mustangs
69%
1 Bluejays
66%
1 Fighting Hawks
66%
4 Hawks
65%
1 Scarlet Knights
65%
1 Commodores
63%
2 Falcons
63%
1 Green Wave
63%
4 Bobcats
62%
4 Golden Eagles
60%
1 Aztecs
59%
3 Bison
59%
1 Bisons
59%
1 Hoyas
59%
1 Midshipmen
59%
1 Flyers
58%
1 Spiders
57%
3 Jaguars
55%
1 Minutemen
55%
1 Rainbow Warriors
55%
1 Shockers
55%
1 Zips
55%
1 Miners
54%
1 Black Knights
53%
1 Lobos
52%
1 Rockets
52%
2 49ers
51%
1 Friars
51%
1 Grizzlies
51%
1 Thundering Herd
51%
2 Raiders
49%
1 Hilltoppers
48%
1 Mean Green
47%
2 Roadrunners
47%
3 Hornets
46%
2 Redhawks
46%
1 RedHawks
46%
1 Blazers
45%
1 Dragons
45%
1 Fightin' Blue Hens
44%
2 Flames
44%
1 Golden Hurricane
44%
1 Musketeers
44%
2 Dukes
43%
1 Vandals
43%
2 Vikings
43%
1 Chippewas
42%
1 Jackrabbits
42%
1 Patriots
42%
3 Terriers
41%
1 Bonnies
40%
1 Golden Flashes
40%
1 Red Storm
40%
1 Quakers
39%
1 Big Red
38%
2 Catamounts
38%
1 Dolphins
38%
1 Black Bears
37%
1 Blue Raiders
37%
1 Ragin' Cajuns
37%
1 Chanticleers
36%
1 Monarchs
36%
2 Seahawks
36%
1 Billikens
35%
1 Blue Demons
35%
1 Penguins
35%
1 Saints
35%
2 Titans
35%
2 Gaels
34%
1 Racers
34%
1 Fighting Camels
33%
1 Peacocks
33%
1 Red Wolves
33%
1 Retrievers
32%
1 Sycamores
32%
1 Anteaters
31%
2 Buccaneers
31%
2 Lumberjacks
31%
1 Bengals
30%
2 Braves
30%
2 Crusaders
30%
1 Waves
30%
2 Colonials
29%
1 Demons
29%
1 Big Green
28%
1 Great Danes
28%
1 Rattlers
28%
1 Redbirds
28%
1 Gauchos
27%
1 Ramblers
27%
1 Warhawks
27%
1 Dons
26%
1 Salukis
26%
2 Colonels
25%
1 Coyotes
25%
1 Explorers
25%
1 Leopards
25%
2 Pioneers
25%
1 Tribe
25%
1 Norse
24%
2 Phoenix
24%
1 Governors
23%
1 Hatters
23%
1 Paladins
23%
1 Antelopes
22%
1 Pilots
22%
1 Pride
22%
1 Kangaroos
21%
2 Mavericks
21%
1 Lancers
20%
1 Mocs
20%
1 Purple Aces
20%
1 Seawolves
20%
1 Greyhounds
19%
3 Highlanders
19%
1 Islanders
19%
1 Jaspers
19%
1 Ospreys
19%
1 Red Foxes
18%
1 Stags
18%
1 Golden Grizzlies
17%
1 Blue Hose
16%
1 Delta Devils
16%
1 Golden Lions
16%
1 Keydets
16%
1 Privateers
16%
1 Skyhawks
16%
1 Leathernecks
15%
1 Mastodons
15%
1 Mountain Hawks
15%
1 River Hawks
15%
1 Toreros
15%
1 Broncs
14%
1 Matadors
14%
1 Purple Eagles
14%
1 Runnin' Bulldogs
14%
1 Golden Griffins
13%
1 Thunderbirds
13%
1 Red Flash
11%
1 Vaqueros
10%
No matching quizzes found
Score Distribution
Percent of People with Each Score
Percentile by Number Answered
Your Score History
You have not taken this quiz